| 000 | 00998nam a22002417a 4500 | ||
|---|---|---|---|
| 999 |
_c15479 _d15479 |
||
| 003 | AR-CdUCM | ||
| 008 | 190427b ||||| |||| 00| 0 spa d | ||
| 040 |
_aMUNICIPALIDAD PROVINCIAL DEL CUSCO _cBIBLIOTECA MUNICIPAL DEL CUSCO |
||
| 041 | _hfre | ||
| 082 |
_24ed. _a618.92 / _bC81 / 1915 |
||
| 100 |
_aComby, Jules _934572 |
||
| 245 |
_aEnfermedades de los niños : _bDoscientas consultas médicas / |
||
| 260 |
_aMadrid : _bCasa Editorial Saturnino Calleja Fernadez, _c1915. |
||
| 300 |
_a358 páginas ; _bfiguras, _c23 cm. |
||
| 440 |
_aBiblioteca de Ciencias Médicas Segunda Seire. _n21 _934573 |
||
| 505 | _aContenido: Abscesos del ano -- Abscesos del hígado -- Abscesos fríos -- Abscesos de la mama -- Abscesos múltiples de los niños de pecho -- Abscesos retrofaríngeos ... | ||
| 650 |
_aEnfermedades _95611 |
||
| 650 |
_aPediatría _934574 |
||
| 650 |
_aConsultas _921671 |
||
| 700 |
_aLópez Sacconne, Luis (traducción) _934575 |
||
| 942 |
_2ddc _cLIBROS |
||
| 945 |
_aachl _d2019-04-27 |
||